00749nam a2200181 a 4500001001900000003000400019005001700023008004100040017001700081020001500098035002500113040002400138245012200162260009100284300002700375500012700402610003800529991025176179706706OSt20241219182131.0070502s2006 sp o 000 0 cat c aB-17980-2006 a8461101642 a(ES-BaCBU).b46577737 aES-BaCBUbcatcCDMR03aEl Pols dels diesb: 125 anys de La Vanguardia /c[textos: Màrius Carol, Carles Salmurri, Xavier Antich ... et al.] aBarcelona :bLa Vanguardia :bCentre de Cultura Contemporània de Barcelona,cDL 2006 a171 p. :bil. ;c24 cm aCatàleg de l'exposició celebrada al Centre de Cultura Contemporània de Barcelona del 20 d'abril al 5 de juny de 200620aLa Vanguardia (Diari)xHistòria